[Event "19th Czech Chladek & Tintera A Open"]
[Site "Pardubice CZE"]
[Date "2008.07.20"]
[Round "3"]
[White "Ismagambetov,An"]
[Black "Rojicek,V"]
[Result "1/2-1/2"]
[WhiteElo "2482"]
[BlackElo "2346"]

1.e4 c5 2.Nf3 e6 3.d4 cxd4 4.Nxd4 a6 5.Bd3 Bc5 6.Nb3 Ba7 7.Qe2 Nc6 8.Be3 d6
9.N1d2 Nge7 10.O-O-O b5 11.Kb1 e5 12.c4 O-O 13.cxb5 axb5 14.Bxb5 Be6 15.Bc4 Qb8
16.Rc1 d5 17.exd5 Nxd5 18.a3 Nd4 19.Bxd4 Bxd4 20.Nxd4 exd4 21.Nb3 Re8 22.Ka2 Qa7
23.Bxd5 Bxd5 24.Qd3 Reb8 25.Rc4 Bxc4 26.Qxc4 Qb7 27.f3 Ra6 28.Rd1 Rf6 29.Rd2 h5
30.Nxd4 Rd6 31.Re2 Rc8 32.Qb4 Qd5+  1/2-1/2

[Event "19th Czech Chladek & Tintera A Open"]
[Site "Pardubice CZE"]
[Date "2008.07.20"]
[Round "3"]
[White "Vocaturo,D"]
[Black "Bernasek,J"]
[Result "0-1"]
[WhiteElo "2417"]
[BlackElo "2491"]

1.e4 c5 2.Nf3 e6 3.d4 cxd4 4.Nxd4 a6 5.Bd3 Bc5 6.Be3 d6 7.c3 Ne7 8.O-O Qc7
9.Nd2 O-O 10.Qe2 e5 11.Nc2 Be6 12.Bc4 Nd7 13.Rfd1 d5 14.exd5 Nxd5 15.Bxd5 Bxd5
16.Bxc5 Nxc5 17.Nc4 Nd3 18.Qxd3 Bxc4 19.Qd7 Qb6 20.b3 Be6 21.Qd6 Qxd6 22.Rxd6 Rfc8
23.Rad1 Kf8 24.c4 b5 25.Ne3 bxc4 26.Rxe6 fxe6 27.Nxc4 Rc5 28.g3 Ke7 29.Re1 Kf6
30.Re3 Rd8 31.Rf3+ Ke7 32.Re3 Rdd5 33.Kg2 g5 34.g4 Rd4 35.h3 Kf6 36.Kf3 Rdd5
37.Re2 e4+ 38.Kg3 Rd1 39.Kg2 Ra1 40.Rxe4 Rxa2 41.Re3 Rd5 42.Kg3 Rc2  0-1

[Event "Politiken Cup"]
[Site "Helsingor DEN"]
[Date "2008.07.21"]
[Round "4"]
[White "Lindberg,Be"]
[Black "Klein,Fe"]
[Result "1/2-1/2"]
[WhiteElo "2432"]
[BlackElo "2241"]

1.e4 c5 2.Nf3 e6 3.d4 cxd4 4.Nxd4 a6 5.Bd3 Bc5 6.Nb3 Be7 7.Qg4 g6 8.Qe2 d6
9.a4 b6 10.Na3 Bb7 11.a5 b5 12.c4 b4 13.Nc2 Nf6 14.Bh6 Nc6 15.O-O Bf8 16.Bd2 Rb8
17.Rfd1 Nd7 18.Nxb4 Nxb4 19.Bxb4 Bxe4 20.Bc3 Bxd3 21.Rxd3 e5 22.c5 Rxb3 23.Bxe5 dxe5
24.Rxb3 Bxc5 25.Qxa6 O-O 26.Qc4 Bd4 27.a6 Nc5 28.Rf3 e4 29.Rfa3 Nd3 30.a7 Nxf2
31.a8=Q Nd3+ 32.Kh1 Nf2+ 33.Kg1 Nd3+ 34.Kh1 Nf2+ 35.Kg1 Nd3+  1/2-1/2

[Event "Politiken Cup"]
[Site "Helsingor DEN"]
[Date "2008.07.21"]
[Round "4"]
[White "Mejvik,J"]
[Black "Laursen,N1"]
[Result "0-1"]
[WhiteElo "2015"]
[BlackElo "2190"]

1.e4 c5 2.Nf3 e6 3.d4 cxd4 4.Nxd4 a6 5.Bd3 Qc7 6.O-O Nf6 7.Qe2 d6 8.c4 g6
9.Nc3 Bg7 10.Kh1 O-O 11.f4 Nbd7 12.Nf3 b6 13.Bd2 Bb7 14.Rae1 Rad8 15.b4 Qb8
16.a3 Qa8 17.Qf2 b5 18.cxb5 axb5 19.Nxb5 Nxe4 20.Bxe4 Bxe4 21.Nxd6 Bd3 22.Rg1 Qd5
23.b5 Qxd6 24.Bb4 Qxf4 25.Bxf8 Bxf8 26.Qb2 Rb8 27.Rd1 Bxb5 28.Rd4 Bg7 29.Rxf4 Bxb2
30.a4 Bc6 31.Nd4 Bd5 32.Nb5 Be5 33.Rb4 Nc5 34.Rgb1 Ra8 35.Nd4 Nd3  0-1

[Event "1st Open"]
[Site "Paleochora GRE"]
[Date "2008.07.21"]
[Round "1"]
[White "Tzouvelekis,I"]
[Black "David,Alb"]
[Result "0-1"]
[WhiteElo "1945"]
[BlackElo "2568"]

1.e4 c5 2.Nf3 e6 3.d4 cxd4 4.Nxd4 a6 5.Bd3 Bc5 6.Nf3 Qc7 7.O-O Nc6 8.a3 Nf6
9.b4 Ba7 10.c4 d6 11.Bb2 e5 12.Nc3 Bg4 13.Be2 O-O 14.Nd5 Qd8 15.Nxf6+ Qxf6
16.Qd3 Rfd8 17.Rad1 h6 18.Nd2 Be6 19.Qg3 Rac8 20.Kh1 Bd4 21.Bxd4 Nxd4 22.Bd3 b5
23.cxb5 axb5 24.Rc1 Ra8 25.Nf3 Rxa3 26.Nxd4 exd4 27.f4 Bc4 28.e5 dxe5 29.fxe5 Rxd3
30.exf6 Rxg3 31.hxg3 Bxf1 32.Rxf1 d3 33.Rd1 d2 34.Kg1 g5 35.Kf2 Kh7 36.Ke3 Kg6  0-1

[Event "1st Open"]
[Site "Paleochora GRE"]
[Date "2008.07.21"]
[Round "1"]
[White "Fragaki,M"]
[Black "Meijers,V"]
[Result "0-1"]
[WhiteElo "1891"]
[BlackElo "2496"]

1.e4 c5 2.Nf3 e6 3.d4 cxd4 4.Nxd4 a6 5.Bd3 Nf6 6.O-O Qc7 7.Qe2 Bc5 8.Nb3 Ba7
9.c4 Nc6 10.Nc3 h5 11.Kh1 Ng4 12.f4 d6 13.Nd1 Qb6 14.g3 Nb4 15.h3 Nxd3 16.Qxd3 Nf6
17.Be3 Qc6 18.Nd2 Bxe3 19.Qxe3 b6 20.Nc3 O-O 21.Kh2 Bb7 22.Rf2 Rad8 23.e5 Nd7
24.exd6 Nf6 25.Re1 Rxd6 26.Nde4 Nxe4 27.Nxe4 Rd7 28.Qe2 Rd4 29.Ng5 g6 30.b3 Rfd8
31.Nf3 R4d6 32.Ne5 Qc5 33.Qc2 Qb4 34.Rfe2 Rd2 35.Qb1 Qc3 36.Nxg6 Qf3  0-1

[Event "19th Czech Chladek & Tintera A Open"]
[Site "Pardubice CZE"]
[Date "2008.07.21"]
[Round "4"]
[White "Tjurin,A"]
[Black "Boskovic,D"]
[Result "1-0"]
[WhiteElo "2340"]
[BlackElo "2455"]

1.e4 c5 2.Nf3 e6 3.d4 cxd4 4.Nxd4 a6 5.Bd3 Nc6 6.Nxc6 dxc6 7.O-O e5 8.Nd2 Bd6
9.a4 a5 10.Nc4 Bc7 11.b3 Ne7 12.Bb2 Ng6 13.Qf3 O-O 14.Rfd1 Qh4 15.Ne3 Be6
16.g3 Qg5 17.Nf5 Bxf5 18.Qxf5 Nh4 19.Qxg5 Nf3+ 20.Kg2 Nxg5 21.f3 Rfd8 22.Bc4 Ne6
23.Bxe6 fxe6 24.Kf1 Kf7 25.Ke2 g6 26.Rxd8 Rxd8 27.Rd1 Rxd1 28.Kxd1 Ke7 29.Ke2 Kd7
30.Kd3 b5 31.c4 bxa4 32.bxa4 Ke7 33.c5 Kf7 34.Bc3 g5 35.Ke2 Kg6 36.Kf2 h5
37.Kg2 Kh6 38.Bd2 Kg6 39.h4 gxh4 40.g4 Bd8 41.Kh3 Bc7 42.Kxh4 Bd8+ 43.Kh3 Bc7
44.Kg2 Bd8 45.Kg3 Bc7 46.Kh3 Bd8 47.Be1 hxg4+ 48.fxg4 Be7 49.Bxa5 Bxc5 50.Bc7 Bd4
51.a5 c5 52.a6 c4 53.Bxe5 Ba7 54.Kg3 Kg5 55.Kf3 Kg6 56.Bf4 c3 57.Ke2  1-0

[Event "19th Czech Chladek & Tintera A Open"]
[Site "Pardubice CZE"]
[Date "2008.07.21"]
[Round "4"]
[White "Denisov,I"]
[Black "Javakhishvili,L"]
[Result "1/2-1/2"]
[WhiteElo "2169"]
[BlackElo "2461"]

1.e4 c5 2.Nf3 e6 3.d4 cxd4 4.Nxd4 a6 5.Bd3 d6 6.O-O Nd7 7.Be3 Ngf6 8.Nd2 Qc7
9.f4 b6 10.Qf3 Bb7 11.Rae1 g6 12.Qh3 h5 13.Nxe6 fxe6 14.Qxe6+ Be7 15.e5 Qc6
16.Bxg6+ Kd8 17.Nf3 Ng4 18.Be4 d5 19.Nd4 Qxe6 20.Nxe6+ Kc8 21.Bf3 Nxe3 22.Rxe3 Nc5
23.Nd4 Kc7 24.Nf5 Rae8 25.c3 Bf8 26.Rd1 Ne6 27.g3 Bc5 28.Nd4 b5 29.Kg2 Bxd4
30.cxd4 Kd7 31.f5 Ng5 32.h3 Rc8 33.Rd2 Ke7 34.g4 h4 35.e6 Rc4 36.Re5 Kf6
37.Ree2 Rd8 38.Kf2 Nxh3+ 39.Ke3 Ng5 40.Kf4 Nh3+ 41.Ke3 Ng5 42.Kf4 Nh3+  1/2-1/2

[Event "XIII Open"]
[Site "Balaguer ESP"]
[Date "2008.07.22"]
[Round "9"]
[White "Bruned,B"]
[Black "Kovacevic,Sl"]
[Result "1-0"]
[WhiteElo "2224"]
[BlackElo "2417"]

1.e4 c5 2.Nf3 e6 3.d4 cxd4 4.Nxd4 a6 5.Bd3 Nf6 6.O-O d6 7.c4 Nbd7 8.Nc3 Be7
9.Kh1 O-O 10.f4 g6 11.Nf3 Qc7 12.Qe2 Rd8 13.Bd2 b6 14.Rac1 Bb7 15.b4 Rac8
16.a3 Bf8 17.Be3 Bg7 18.Nd2 Qb8 19.h3 Nh5 20.Qf2 b5 21.Be2 bxc4 22.Bxh5 gxh5
23.f5 Kh8 24.Qh4 exf5 25.Rxf5 Re8 26.Rxh5 Nf8 27.Nf3 f6 28.Nd4 Kg8 29.Nf5 Ng6
30.Qg4 Qc7 31.Rxh7 Kxh7 32.Qh5+ Kg8 33.Qxg6 Re5 34.Nh6+ Kf8 35.Bf4 Ree8 36.Qh7 Qf7
37.Nxf7  1-0

[Event "ZMD Open"]
[Site "Dresden GER"]
[Date "2008.07.22"]
[Round "4"]
[White "Bracker,F"]
[Black "Ghaem Maghami,E"]
[Result "1/2-1/2"]
[WhiteElo "2264"]
[BlackElo "2597"]

1.e4 c5 2.Nf3 e6 3.d4 cxd4 4.Nxd4 a6 5.Bd3 Nf6 6.O-O d6 7.c4 Be7 8.Nc3 O-O
9.Kh1 Nc6 10.Nxc6 bxc6 11.f4 e5 12.f5 Bb7 13.Qf3 Qb6 14.Rb1 Rad8 15.Bg5 Rd7
16.b4 Qd8 17.Bc2 Ne8  1/2-1/2

[Event "Politiken Cup"]
[Site "Helsingor DEN"]
[Date "2008.07.22"]
[Round "5"]
[White "Evdokimov,Alexa"]
[Black "Klein,Fe"]
[Result "1-0"]
[WhiteElo "2555"]
[BlackElo "2241"]

1.e4 c5 2.Nf3 e6 3.d4 cxd4 4.Nxd4 a6 5.Bd3 Bc5 6.Nb3 Be7 7.Qg4 g6 8.Qe2 d6
9.O-O Nd7 10.f4 Qc7 11.Kh1 Ngf6 12.Nc3 O-O 13.Bd2 b6 14.Rae1 Bb7 15.e5 Nh5
16.Nd1 Rfe8 17.Nf2 Bf8 18.Ng4 Bg7 19.Bc3 f5 20.exf6 Nhxf6 21.Nxf6+ Nxf6 22.Nd2 b5
23.Qf2 Re7 24.Nf3 Bxf3 25.Qxf3 Rf8 26.g3 Qc5 27.a3 Nd5 28.Bxg7 Kxg7 29.Qf2 Qxf2
30.Rxf2 g5 31.Rfe2 gxf4 32.Rxe6 Rxe6 33.Rxe6 Rf6 34.Rxf6 Kxf6 35.Bxh7 Nb6
36.b3 b4 37.axb4 fxg3 38.hxg3 Nd5 39.Kg2 Nxb4 40.Kf3 a5 41.Ke3 Nd5+ 42.Kd4 Nb6
43.g4 Kg5 44.Bf5 Kf4 45.Be6 Kg5 46.Ke4 Kf6 47.Bf5 Kg5 48.Kd4 Kf4 49.Kc3 Kg5
50.Kb2 Kf4 51.Ka3 Kg5 52.Be6 Kf6 53.Bf5 Kg5 54.c3 Kf4 55.b4 a4 56.Be6 Ke5
57.Bf5 Kf4 58.c4 Nxc4+ 59.Kxa4 d5 60.b5 Ke5 61.Kb4 Nb6 62.Kc5 Na4+ 63.Kc6 d4
64.Bc2 Nb2 65.Bb3 d3 66.b6  1-0

[Event "41st Festival MTO"]
[Site "Biel SUI"]
[Date "2008.07.23"]
[Round "3"]
[White "Mas,H"]
[Black "Ulibin,M"]
[Result "1-0"]
[WhiteElo "2386"]
[BlackElo "2520"]

1.e4 c5 2.Nf3 e6 3.d4 cxd4 4.Nxd4 a6 5.Bd3 Bc5 6.Nb3 Be7 7.O-O d6 8.Qe2 Nd7
9.f4 Qc7 10.c4 Ngf6 11.Nc3 b6 12.Bd2 Bb7 13.Rae1 h5 14.Kh1 h4 15.Nd4 g6 16.b4 Nh5
17.Kg1 Bf6 18.e5 dxe5 19.Nxe6 Qd6 20.Nd5 fxe6 21.Bxg6+ Kd8 22.Nxf6 Nhxf6
23.fxe5 Qd4+ 24.Be3 Qg4 25.Rxf6 Nxf6 26.exf6 Qxe2 27.Rxe2 Kc7 28.Bf4+ e5
29.Bxe5+ Kd7 30.Bf5+ Ke8 31.Bg6+ Kd7 32.Bf7 Raf8 33.Rd2+  1-0

[Event "1st Open"]
[Site "Paleochora GRE"]
[Date "2008.07.23"]
[Round "4"]
[White "Kislik,E"]
[Black "David,Alb"]
[Result "1/2-1/2"]
[WhiteElo "2302"]
[BlackElo "2568"]

1.e4 c5 2.Nf3 e6 3.d4 cxd4 4.Nxd4 a6 5.Bd3 Bc5 6.Nb3 Be7 7.Be3 d6 8.N1d2 Nf6
9.f4 Nc6 10.Qf3 Nb4 11.O-O O-O 12.Bf2 Nxd3 13.cxd3 Bd7 14.Nc4 Rc8 15.Bb6 Qe8
16.Bd4 d5 17.e5 dxc4 18.exf6 Bxf6 19.Bxf6 gxf6 20.dxc4 f5 21.Qxb7 Rxc4 22.Qxa6 Qc8
23.Qb6 Ba4 24.Rf3 Bxb3 25.Qxb3 Qc5+ 26.Kh1 Rb4 27.Qc3 Qxc3 28.bxc3 Ra4 29.Rf2 Rfa8
30.g3 Rc4 31.Rc1 Ra3 32.Rfc2 Rca4 33.Re1 Rc4 34.Rec1 Rca4 35.Re1  1/2-1/2

[Event "Stara Pazova"]
[Site "Stara Pazova SRB"]
[Date "2008.07.23"]
[Round "1"]
[White "Manik,M"]
[Black "Popov,L"]
[Result "1-0"]
[WhiteElo "2453"]
[BlackElo "2300"]

1.e4 c5 2.Nf3 e6 3.d4 cxd4 4.Nxd4 a6 5.Bd3 g6 6.c4 Bg7 7.Nf3 d6 8.O-O Nf6
9.Nc3 O-O 10.h3 Nbd7 11.Qe2 b6 12.Bf4 Qc7 13.Rac1 Bb7 14.Rfd1 Rfe8 15.Qe3 Ne5
16.Nxe5 dxe5 17.Bg5 Nd7 18.b4 Bf8 19.a3 f6 20.Bh4 Be7 21.f3 Rad8 22.Bf2 Rc8
23.c5 bxc5 24.Na4 Bc6 25.Nxc5 Nxc5 26.bxc5 Qa5 27.Bc4 Bf8 28.Qb3 Kf7 29.Qb4 Qa4
30.Rd3 a5 31.Qb6 Be7 32.Qb2 Bf8 33.Qa2 Rc7 34.Rb1 Bd7 35.Rb6  1-0

[Event "41st Festival MTO"]
[Site "Biel SUI"]
[Date "2008.07.24"]
[Round "4"]
[White "Meier,V"]
[Black "Benkovic,P"]
[Result "1/2-1/2"]
[WhiteElo "2276"]
[BlackElo "2479"]

1.e4 c5 2.Nf3 e6 3.d4 cxd4 4.Nxd4 a6 5.Bd3 d6 6.O-O Nf6 7.Qe2 g6 8.Kh1 Bg7
9.f4 Nbd7 10.f5 Qe7 11.fxe6 fxe6 12.c4 O-O 13.Nc3 Ne5 14.Bg5 h6 15.Be3 Bd7
16.Rac1 Nfg4 17.Bg1 Rxf1 18.Rxf1 Rc8 19.Nf3 b5 20.Nxe5 Nxe5 21.b3 Qg5 22.Nb1 bxc4
23.Bxc4 Nxc4 24.bxc4 Bc6 25.Nd2 Rb8 26.Be3 Qh4 27.Bf4 e5 28.Be3 Rf8 29.Rxf8+ Bxf8
30.g3 Qh3 31.Kg1 Qe6 32.Bf2 Be8 33.Nf1 Bc6 34.Nd2 Be8 35.Nf1 Bc6 36.Nd2  1/2-1/2

[Event "19th Czech Chladek & Tintera A Open"]
[Site "Pardubice CZE"]
[Date "2008.07.24"]
[Round "7"]
[White "Warakomski,T"]
[Black "D'Costa,L"]
[Result "1/2-1/2"]
[WhiteElo "2502"]
[BlackElo "2414"]

1.e4 c5 2.Nf3 e6 3.d4 cxd4 4.Nxd4 a6 5.Bd3 d5 6.exd5 Qxd5 7.Nf3 Nf6 8.Qe2 Bb4+
9.c3 Be7 10.c4 Qd6 11.b3 O-O 12.O-O b6 13.Bb2 Bb7 14.Nc3 Nbd7 15.Rad1 Qf4
16.Bc1 Qc7 17.Ne4 Nxe4 18.Bxe4 Bxe4 19.Qxe4 Nf6 20.Qe2 b5 21.Rd4 Rfc8 22.Rfd1 Qa5
23.Ne5 bxc4 24.bxc4 h6 25.g4 Bb4 26.g5 hxg5 27.Bxg5 Nh7 28.Bd2 Bxd2 29.R1xd2 Nf6
30.f4 Rab8 31.Kg2 Qb6 32.Qd1 a5 33.Qf3  1/2-1/2

[Event "III Open"]
[Site "Oviedo ESP"]
[Date "2008.07.25"]
[Round "3"]
[White "Andres Gonzalez,I"]
[Black "Manolache,M"]
[Result "0-1"]
[WhiteElo "2314"]
[BlackElo "2521"]

1.e4 c5 2.Nf3 e6 3.d4 cxd4 4.Nxd4 a6 5.Bd3 d6 6.c4 Nf6 7.O-O Nbd7 8.Nc3 Be7
9.Be3 O-O 10.Rc1 Qc7 11.f3 Bd8 12.Qd2 Ne5 13.Rfd1 Bd7 14.b3 Rc8 15.h3 Qb8
16.f4 Nxd3 17.Qxd3 Ba5 18.Nde2 Bb4 19.Bd4 Ne8 20.e5 Bc6 21.Ne4 f6 22.exf6 Nxf6
23.Ng5 e5 24.fxe5 dxe5 25.Rf1 h6 26.Rxf6 hxg5 27.Rxf8+ Rxf8 28.Be3 Qc8 29.Bxg5 Bc5+
30.Be3 Qd8 31.Rd1 Qg5  0-1

[Event "1st Open"]
[Site "Paleochora GRE"]
[Date "2008.07.26"]
[Round "7"]
[White "Tassopoulos,M"]
[Black "Shkapenko,P"]
[Result "1/2-1/2"]
[WhiteElo "2271"]
[BlackElo "2404"]

1.e4 c5 2.Nf3 e6 3.d4 cxd4 4.Nxd4 a6 5.Bd3 Qb6 6.Nb3 Qc7 7.O-O Nf6 8.c4 d6
9.Nc3 Be7 10.Be3 b6 11.Qe2 Bb7 12.f3 O-O 13.Nd4 Nbd7 14.Rac1 Rac8 15.Rfd1 Qb8
16.b3 Bd8 17.Kh1 Bc7 18.Bb1 Rfe8 19.Qf2 d5 20.cxd5 Bxh2 21.dxe6 fxe6 22.Nde2 Be5
23.Na4 b5 24.Nc5 Nxc5 25.Rxc5 Rxc5 26.Bxc5 Rd8 27.Qe1 Rxd1 28.Qxd1 Qe8 29.g3 h6
30.Kg2 g5 31.Bd4 Qd7 32.Qd3 Bxd4 33.Qxd4 Kf7 34.Qxd7+ Nxd7 35.b4 h5 36.f4 e5
37.f5 Nf6 38.Kf3 g4+ 39.Ke3 Kg7 40.Nc3 Kh6 41.a4 bxa4 42.Nxa4 Kg5 43.Nc5 Bc8
44.Nd3 h4 45.gxh4+ Kxh4 46.Nxe5 g3 47.Bd3 g2 48.Kf2 Kh3 49.Nf3 Bb7 50.Ne1 Bxe4
51.Bxa6 Ng4+ 52.Kg1 Kg3 53.Bf1 gxf1=Q+ 54.Kxf1 Bxf5 55.Ke2  1/2-1/2

[Event "Politiken Cup"]
[Site "Helsingor DEN"]
[Date "2008.07.27"]
[Round "10"]
[White "Guttulsrud,O"]
[Black "Dvoretska,O"]
[Result "1/2-1/2"]
[WhiteElo "1976"]
[BlackElo "2156"]

1.e4 c5 2.Nf3 e6 3.d4 cxd4 4.Nxd4 a6 5.Bd3 Nc6 6.Nxc6 dxc6 7.O-O e5 8.Nd2 Nf6
9.Nc4 Qc7 10.a4 Bb4  1/2-1/2

[Event "Dutch Open"]
[Site "Dieren NED"]
[Date "2008.07.28"]
[Round "6"]
[White "Van den Berg,Ha"]
[Black "De Jong,M"]
[Result "0-1"]
[WhiteElo "2195"]
[BlackElo "2324"]

1.e4 e6 2.Nf3 c5 3.d4 cxd4 4.Nxd4 a6 5.Bd3 Nf6 6.Nc3 Qc7 7.f4 Bb4 8.Bd2 Bxc3
9.bxc3 d6 10.Qf3 Nbd7 11.g4 h6 12.h4 h5 13.g5 Ng4 14.g6 Nc5 15.gxf7+ Qxf7
16.Qg3 O-O 17.O-O b5 18.e5 Nxd3 19.cxd3 Qd7 20.f5 dxe5 21.Nxe6 Qa7+ 22.d4 Bxe6
23.fxe6 exd4 24.Kh1 Qb7+ 25.Qg2 Rxf1+ 26.Rxf1 Qxg2+ 27.Kxg2 dxc3 28.Bg5 c2
29.Rc1 Rc8 30.Kf3 Rc6 31.e7 Kf7 32.Ke4 Nf6+ 33.Kd3 Kxe7 34.Rxc2 Rxc2 35.Kxc2 Kd6
36.Kb3 Nd5 37.Bd8 Kc5 38.a3 g6 39.Ba5 Ne3 40.Be1 Nc4 41.Bf2+ Kc6 42.Bg3 a5
43.Be1 Kc5 44.Bf2+ Kd5 45.Be1 Kd4 46.Bf2+ Kd3 47.Bg3 Nd2+ 48.Kb2 a4 49.Bc7 Nc4+
50.Ka2 Kc2 51.Bd8 Nd2 52.Be7 Nb1 53.Bb4 Nc3+ 54.Ka1 Kb3 55.Bc5 Ne4 56.Bb4 g5  0-1

[Event "Dutch Open"]
[Site "Dieren NED"]
[Date "2008.07.30"]
[Round "8"]
[White "Monteban,M"]
[Black "Bosch,Je"]
[Result "1/2-1/2"]
[WhiteElo "2280"]
[BlackElo "2444"]

1.e4 c5 2.Nf3 e6 3.d4 cxd4 4.Nxd4 a6 5.Bd3 Nf6 6.Nc3 Qc7 7.Qe2 d6 8.f4 Nc6
9.Nf3 b5 10.a3 Bb7 11.f5 Be7 12.fxe6 fxe6 13.O-O O-O 14.a4 b4 15.Nb1 d5 16.Nbd2 Bd6
17.Kh1 Rae8 18.Re1 Ne5 19.Nxe5 Bxe5 20.Nf3 dxe4 21.Nxe5 Qxe5 22.Bc4 h5 23.h3 a5
24.c3 Qg3 25.Be3 bxc3 26.bxc3 Nd5 27.Bxd5 Bxd5 28.Qxh5 Rb8 29.Qg5 Qxg5 30.Bxg5 e3
31.Bxe3 Rb2 32.Rg1 Rf3 33.gxf3 Bxf3+ 34.Rg2 Rxg2 35.Rf1 Bc6 36.Bd4 e5 37.Bc5 Ra2+
38.Kg1 Rxa4 39.Rf8+ Kh7 40.Rf5 Rc4 41.Rxe5 Rxc3 42.Rg5 Rc1+ 43.Kf2 a4 44.Bd4 g6
45.Rc5 Rd1 46.Ke3 Re1+ 47.Kd2 Re6 48.Re5 Rxe5  1/2-1/2

[Event "Dutch Open"]
[Site "Dieren NED"]
[Date "2008.07.30"]
[Round "8"]
[White "Ootes,La"]
[Black "De Jong,M"]
[Result "1-0"]
[WhiteElo "2223"]
[BlackElo "2324"]

1.e4 c5 2.Nf3 e6 3.d4 cxd4 4.Nxd4 a6 5.Bd3 Nf6 6.O-O e5 7.Bg5 d6 8.Ne2 Be7
9.Bxf6 Bxf6 10.Bc4 Be6 11.Qd3 Nc6 12.Rd1 Be7 13.Bb3 O-O 14.Nec3 Nb4 15.Qe2 Rc8
16.Nd2 Qd7 17.Nf3 Bf6 18.Rd2 Rfd8 19.Nd5 Nxd5 20.Bxd5 Rc5 21.Rad1 Rdc8 22.c3 Be7
23.h3 b5 24.Nh2 Bg5 25.Bxe6 Qxe6 26.Rxd6 Qxa2 27.Nf3 Be7 28.R6d5 Rxc3 29.Nxe5 Rc1
30.Rxc1 Rxc1+ 31.Kh2 Bf6 32.Ng4 Be7 33.Ne5 Bf6 34.Ng4 Bh4 35.Qd2 Rc8 36.g3 Be7
37.Ne3 g6 38.Ng4 Qc4 39.Qf4 Rf8 40.Qe5 Qc1 41.Qxe7 Qxb2 42.e5 h5 43.Nf6+ Kg7
44.Ne4  1-0

[Event "III Open"]
[Site "Oviedo ESP"]
[Date "2008.07.30"]
[Round "8"]
[White "Cascudo Pueyo,I"]
[Black "Vigil Alvarez,L"]
[Result "1/2-1/2"]
[WhiteElo "2123"]
[BlackElo "2291"]

1.e4 c5 2.Nf3 e6 3.d4 cxd4 4.Nxd4 a6 5.Bd3 Bc5 6.Nb3 Ba7 7.O-O Ne7 8.c4 Nbc6
9.Bf4 d6 10.Be2 e5 11.Bg5 Be6 12.Nc3 O-O 13.Qd2 f6 14.Be3 Bxe3 15.Qxe3 f5
16.Rad1 fxe4 17.Nxe4 Nf5 18.Qc3 Qe7 19.Bg4 Nfd4 20.Bxe6+ Qxe6 21.Nxd4 Nxd4
22.Qd3 Qg6 23.Ng3 Qxd3  1/2-1/2

[Event "III Open"]
[Site "Oviedo ESP"]
[Date "2008.07.30"]
[Round "8"]
[White "Aguera Naredo,J"]
[Black "Guliyev,N"]
[Result "1/2-1/2"]
[WhiteElo "2381"]
[BlackElo "2510"]

1.e4 c5 2.Nf3 e6 3.d4 cxd4 4.Nxd4 a6 5.Bd3 Bc5 6.Nb3 Be7 7.O-O d6 8.c4 Nf6
9.Nc3 O-O 10.f4 Nc6 11.Be3 b6 12.Qf3 Bb7 13.Rad1 Qc7 14.Qh3 g6 15.Rc1 Rac8
16.Nd5 exd5 17.cxd5 Qd7 18.Qxd7 Nxd7 19.dxc6 Rxc6 20.Rxc6 Bxc6 21.Rc1 Nc5
22.Nxc5 dxc5 23.b4 Rd8 24.Bxa6 Bxe4 25.bxc5 Bxc5 26.Bxc5 bxc5 27.Rxc5 Rd2
28.Bf1 Rxa2 29.Rc1 Kg7 30.Re1 Bd5 31.Re2 Ra1 32.Rc2 Kf6 33.Kf2 h6 34.g3 g5
35.fxg5+ hxg5 36.Bg2 Be6 37.Rb2 Kg6 38.Rd2 Ra5 39.Rb2 f5 40.Ke3 Kf6 41.Rd2 Ke5
42.Kf2 Bc4 43.Bf1 Bd5 44.Bg2 Be6 45.Bf3 Ra3 46.Bg2 Rc3 47.Bf3 Bc4 48.Be2 Bd5
49.Bf1 Rc1 50.Re2+ Kf6 51.Re1 Rc8 52.Bd3 Rc3 53.Rd1 Ke5 54.Rd2 Ra3 55.Bf1 Ra1
56.Rb2 Be4 57.Rd2 Bd5 58.Rb2 Rc1 59.Re2+ Be4 60.Rd2 Rc8 61.Bg2 Rh8 62.Kg1 g4
63.Rd7 Rb8 64.Rd2 Rb1+ 65.Kf2 Rb3 66.Bf1 Rf3+ 67.Ke2 Bc6 68.Bg2 Bb5+ 69.Ke1 Rb3
70.Rd5+ Ke6 71.Rd2 Bd3 72.Kf2 Ke5 73.Ke3 Bc4+ 74.Kf2 Rb1 75.Bc6 Rf1+ 76.Ke3 Rc1
77.Bg2 Rb1 78.Kf2 Rb3 79.h3 gxh3 80.Bxh3 Bd3 81.Bg2 Kf6 82.Bd5  1/2-1/2

[Event "III Open"]
[Site "Oviedo ESP"]
[Date "2008.07.31"]
[Round "9"]
[White "Roiz Baztan,D"]
[Black "Suarez Garcia,C"]
[Result "1-0"]
[WhiteElo "2308"]
[BlackElo "1932"]

1.e4 c5 2.Nf3 e6 3.d4 cxd4 4.Nxd4 a6 5.Bd3 Qc7 6.O-O Nf6 7.Qe2 d6 8.c4 Nbd7
9.Nc3 Be7 10.Be3 b6 11.Rfc1 Bb7 12.f3 Rc8 13.Qf2 O-O 14.Bf1 Qb8 15.Nb3 Nc5
16.Nd2 Ba8 17.b4 Ncd7 18.Rab1 d5 19.cxd5 exd5 20.Bxa6 Rce8 21.exd5 Nxd5 22.Nxd5 Bxd5
23.Bb5 Rd8 24.Nf1 Bd6 25.a4 Rfe8 26.Rd1 Re5 27.Bf4 Rf5 28.Bxd6 Qxd6 29.Rd4 Nf6
30.Rbd1 h5 31.Ne3 Rg5 32.h4 Rg6 33.Nxd5 Nxd5 34.Rxd5  1-0

[Event "Stara Pazova"]
[Site "Stara Pazova SRB"]
[Date "2008.08.01"]
[Round "12"]
[White "Vujacic,Bo"]
[Black "Popov,L"]
[Result "1/2-1/2"]
[WhiteElo "2319"]
[BlackElo "2300"]

1.e4 c5 2.Nf3 e6 3.d4 cxd4 4.Nxd4 a6 5.Bd3 Nf6 6.O-O d6 7.c4 b6 8.Nc3 Bb7
9.Qe2 Nbd7 10.b3 Be7 11.Bb2 O-O 12.Rad1  1/2-1/2

[Event "Najdorf Memorial Open"]
[Site "Warsaw POL"]
[Date "2008.08.02"]
[Round "1"]
[White "Owczarzak,J"]
[Black "Marwan,A"]
[Result "1-0"]
[WhiteElo "2343"]
[BlackElo "2078"]

1.e4 c5 2.Nf3 e6 3.d4 cxd4 4.Nxd4 a6 5.Bd3 Nc6 6.Nxc6 dxc6 7.O-O e5 8.Be3 Nf6
9.h3 Bd6 10.a4 O-O 11.a5 c5 12.Nc3 Be6 13.Qe2 Qc7 14.Bc4 Rfd8 15.Bg5 Be7
16.Bxf6 Bxf6 17.Bd5 Rd6 18.Qc4 Rad8 19.b4 Rc8 20.b5 Qd7 21.Rab1 Bd8 22.b6 Bxh3
23.Bxf7+ Kh8 24.Ne2 Rd4 25.Qb3 Bxg2 26.Kxg2 Qg4+ 27.Ng3 Rc6 28.Bh5 Qf4 29.Rbd1 g6
30.Bf3 c4 31.Qe3 Qf6 32.Rxd4 exd4 33.e5 dxe3 34.exf6 Rxf6 35.fxe3 Bxb6 36.Ne4 Re6
37.Ng5 Rf6 38.axb6 Rxb6 39.Bd5 Rb2 40.Rf7  1-0

[Event "Najdorf Memorial Open"]
[Site "Warsaw POL"]
[Date "2008.08.02"]
[Round "1"]
[White "Piorun,K"]
[Black "Kultiyasov,M"]
[Result "1-0"]
[WhiteElo "2445"]
[BlackElo "2141"]

1.e4 c5 2.Nf3 e6 3.d4 cxd4 4.Nxd4 a6 5.Bd3 Nf6 6.O-O Qc7 7.Qe2 d6 8.c4 Be7
9.b3 b6 10.Bb2 Bb7 11.Nc3 Nbd7 12.Rad1 O-O 13.f4 Rfe8 14.Rfe1 g6 15.e5 Nh5
16.Qe3 Nxf4 17.Qxf4 dxe5 18.Qg3 Bd6 19.Ncb5 axb5 20.Nxb5 Qc5+ 21.Bd4 exd4
22.Nxd6 Reb8 23.Qf4 f5 24.Rxe6 Rxa2 25.b4 Qc6 26.Be4 Qa4 27.Bf3 Bxf3 28.Qxf3 Ra1
29.Rxa1 Qxa1+ 30.Kf2 Qa8 31.Qf4 Qa2+ 32.Kg3 Ra8 33.Kh4  1-0

[Event "17th Open"]
[Site "Kavala GRE"]
[Date "2008.08.03"]
[Round "5"]
[White "Mastrovasilis,D"]
[Black "Papin,V"]
[Result "1/2-1/2"]
[WhiteElo "2563"]
[BlackElo "2479"]

1.e4 c5 2.Nf3 e6 3.d4 cxd4 4.Nxd4 a6 5.Bd3 Qb6 6.Nb3 d6 7.a4 Qc7 8.a5 Nf6
9.Nc3 Nc6 10.Be3 Nd7 11.O-O Nc5 12.Na4 Nxa4 13.Rxa4 Be7 14.Qd2 Bd7 15.Bb6 Qb8
16.Raa1 O-O 17.Rfc1 Bd8 18.Bf1 Bxb6 19.axb6 Rd8 20.Rd1 Be8 21.Qc3 Qc8 22.Rd2 Rd7
23.Rad1 Qd8 24.Qe3 Rc8 25.h3 Ne5 26.Na5 Nc6 27.Nxb7 Rxb7 28.Bxa6 Rcb8 29.Bxb7 Rxb7
30.Rxd6 Qxb6 31.Qxb6 Rxb6 32.b4 Kf8 33.c3 Ke7 34.f4 Rb7 35.Kf2 Na7 36.R6d3 Rc7
37.Rc1 e5 38.fxe5 Nc6 39.b5 Nxe5 40.Rd5 Nc4 41.Ra1 f6 42.Rb1 Nb6 43.Rd2 Rxc3
44.Ra2 Rc7 45.Ra6 Rb7 46.Ke3 Bxb5 47.Rxb5 Nc4+ 48.Kd4 Rxb5 49.Kxc4  1/2-1/2

[Event "17th Open"]
[Site "Kavala GRE"]
[Date "2008.08.03"]
[Round "5"]
[White "Parligras,M"]
[Black "Meijers,V"]
[Result "1-0"]
[WhiteElo "2588"]
[BlackElo "2496"]

1.e4 c5 2.Nf3 e6 3.d4 cxd4 4.Nxd4 a6 5.Bd3 b6 6.Nc3 Bb7 7.Be3 Qc7 8.f4 Nf6
9.a3 h5 10.Qe2 Ng4 11.Bd2 Bc5 12.h3 Bxd4 13.hxg4 h4 14.g5 Nc6 15.Qg4 b5 16.g6 f6
17.Rxh4 Rxh4 18.Qxh4 O-O-O 19.Qh7 f5 20.exf5 exf5 21.Qh3 b4 22.axb4 Nxb4
23.Ra4 Re8+ 24.Ne2 Nxd3+ 25.Qxd3 Bb6 26.Rc4 Bc6 27.Kd1 Re4 28.Rxe4 Bxe4 29.Qc3 Bxg2
30.Qxg7 Kb7 31.Qe5 Qxe5 32.fxe5 Bd5 33.Nf4 Bg8 34.Nh5 Bd8 35.Ng3 Be6 36.g7 Kc6
37.Nxf5 Kd5 38.Nh6 Kxe5 39.g8=Q Bxg8 40.Nxg8 d5 41.Ke2  1-0

[Event "Timisoara Cup IM"]
[Site "Timisoara ROM"]
[Date "2008.08.03"]
[Round "2"]
[White "To,N"]
[Black "Sfarlog,T"]
[Result "1-0"]
[WhiteElo "2322"]
[BlackElo "2288"]

1.e4 c5 2.Nf3 e6 3.d4 cxd4 4.Nxd4 a6 5.Bd3 Nf6 6.O-O Qc7 7.Qe2 d6 8.c4 g6
9.Nc3 Bg7 10.Nf3 Nc6 11.Rd1 O-O 12.h3 Nd7 13.Bf4 Nde5 14.Rac1 Nxf3+ 15.Qxf3 Ne5
16.Qe2 b6 17.b3 Bb7 18.Bb1 Rac8 19.Qd2 Rfd8 20.Bg5 Rd7 21.Be3 Ba8 22.f4 Nc6
23.Na4 Rb8 24.c5 d5 25.cxb6 Qd8 26.Nc5 d4 27.Nxd7 Qxd7 28.Bf2 e5 29.fxe5 Bxe5
30.Rc5 f6 31.Bd3 Rxb6 32.Bc4+ Kg7 33.Bd5 Qd6 34.Bxc6 Rxc6 35.Rd5  1-0

[Event "GM Valoz Cup"]
[Site "Olomouc CZE"]
[Date "2008.08.05"]
[Round "7"]
[White "Smith,Ax"]
[Black "Kanovsky,D"]
[Result "0-1"]
[WhiteElo "2427"]
[BlackElo "2409"]

1.e4 c5 2.Nf3 e6 3.d4 cxd4 4.Nxd4 a6 5.Bd3 Qc7 6.O-O Nf6 7.Qe2 d6 8.c4 Nbd7
9.f4 Be7 10.Nc3 O-O 11.Kh1 b6 12.Bd2 Rd8 13.Rae1 Bf8 14.a3 Bb7 15.b4 Rac8
16.Qe3 g6 17.f5 exf5 18.exf5 Re8 19.Qh3 Bg7 20.Bh6 Rxe1 21.Rxe1 Ne5 22.Bxg7 Kxg7
23.fxg6 hxg6 24.Bxg6 Qxc4 25.Nf5+ Kxg6 26.Ne7+ Kg7 27.Nf5+ Kg8 28.Qg3+ Nfg4
29.Ne7+ Kf8 30.Nxc8 Qxc8 31.Ne4 Bxe4 32.Rxe4 Qc2 33.Re1 Nf2+ 34.Kg1 Nfd3
35.Rf1 Qc3 36.Qh4 Ke8 37.Qe4 Qxa3 38.Qa8+ Ke7 39.Qb7+ Kf8 40.Qb8+ Kg7 41.Qxd6 Qxb4
42.Qf6+ Kh7 43.Qf5+ Kh6 44.Qf6+ Ng6 45.Qxf7 Qd4+ 46.Kh1 Ndf4 47.Qb7 a5 48.Rb1 Qd5
49.Qxd5 Nxd5 50.Kg1 Ngf4 51.Kf2 Nd3+ 52.Kf3 a4 53.Ra1 Nc5 54.Rd1 Nc3 55.Rc1 N5e4
56.Ke3 b5 57.Kd3 b4 58.Kc4 b3 59.Kb4 Na2+  0-1